Dictionary of civil engineering and construction machinery and equipment vol 1 German-English (Record no. 94806)

MARC details
000 -LEADER
fixed length control field 00498cam a2200193 4500
001 - CONTROL NUMBER
control field D1812
008 - FIXED-LENGTH DATA ELEMENTS--GENERAL INFORMATION
fixed length control field 090401t1973 xxu||||| |||| 00| 0 eng d
035 ## - SYSTEM CONTROL NUMBER
System control number (Sirsi) u65966
041 ## - LANGUAGE CODE
Language code of text/sound track or separate title eng
050 ## - LIBRARY OF CONGRESS CALL NUMBER
Classification number 624.003
100 ## - MAIN ENTRY--PERSONAL NAME
Personal name Bucksch, Herbert
245 ## - TITLE STATEMENT
Title Dictionary of civil engineering and construction machinery and equipment vol 1 German-English
250 ## - EDITION STATEMENT
Edition statement 5th
260 ## - PUBLICATION, DISTRIBUTION, ETC.
Place of publication, distribution, etc. Wiesbaden
Name of publisher, distributor, etc. Bauverlag
Date of publication, distribution, etc. 1973
300 ## - PHYSICAL DESCRIPTION
Extent 1180p. 17cm
350 ## - PRICE (NR) (BK AM CF MU VM SE) [OBSOLETE]
Price 0
942 ## - ADDED ENTRY ELEMENTS (KOHA)
Suppress in OPAC 0
948 ## - LOCAL PROCESSING INFORMATION (OCLC); SERIES PART DESIGNATOR (RLIN)
c (OCLC) 04/03/1997
Holdings
Withdrawn status Lost status Source of classification or shelving scheme Damaged status Not for loan Home library Current library Shelving location Date acquired Total Checkouts Full call number Barcode Date last seen Copy number Price effective from Koha item type
    Dewey Decimal Classification     London London Books 14/09/1999   624.003 30014656 06/08/2019 1 06/08/2019 Reference material